000 00856nab a2200253u 4500
001 11721
003 HDC
007 c| |||a|c|aaaa
008 210202b20120624my ||||| |||| 00| 0 may d
040 _aHDC
100 _aHamisah Hamid,
_eauthor
_98539
245 0 _aFund alternative energy /
_cHamisah Hamid
260 _aKuala Lumpur :
_bThe New Straits Times Press (M) Bhd.,
_c2010
336 _atext
_2rdacontent
337 _acomputer
_2rdamedia
338 _aonline resource
_2rdacarrier
650 _aIslamic commerce
_912079
650 _aIslamic finance
_9181
710 _aThe New Straits Times
_eissuing body
856 _zRequest full-text at [email protected]
942 _2lcc
942 _cNEWS
942 _kNWSC 000061
999 _c9044
_d9044